Score 0/27 Timer 10:00
0 Plays Today
Hint Answer % Correct
High energyYumoto Hakone
100%
Ex-Battle LoverGora Hakone
50%
Laid back personalityEn Yufuin
50%
Enjoys curryAtsushi Kinugawa
50%
Money obsessedIo Naruko
50%
Flirt of the groupRyuu Zao
50%
World PeaceWombat
50%
Hobby is archery/President of the CouncilKinshiro Kusatsu
50%
Enjoys gardening/VP of the CouncilIbushi Arima
50%
Anything beautiful/fairly feminineAkoya Gero
50%
EsargotZundar
50%
Press SocietyKou Kinosaki
0%
PhotographerMasuya Tazawa
0%
Talking fishLord Hireashi
0%
Hint Answer % Correct
Horseback RidingHaruhiko Beppu
0%
CalligraphyAkihiko Beppu
0%
CricketsDadacha
0%
Taking napsKyoutarou Shuzenji
0%
Cares for othersRyouma Kirishima
0%
Teasing others/laid backNanao Wakura
0%
Enjoys readingTaishi Manza
0%
EnergeticIchiro Dougo
0%
President of the CouncilAta Ibususki
0%
Making homemade sweetsMaasa Shirahone
0%
VP of the CouncilTaiju Unazuki
0%
Collecting insects/PrinceFuranui
0%
Prince/playing in waterKalulus
0%

You're not logged in!

Compare scores with friends on all Sporcle quizzes.
OR
Log In

From the Vault

A Letter to the President

by Flick

We think that President Creepie would have a hard time getting elected in this day and age.
Remove Ads.
Support Sporcle.
Get the best of Sporcle when you Go Orange. This ad-free experience offers more features, more stats, and more fun while also helping to support Sporcle. Thank you for becoming a member.

Show Comments

Extras

Created Jul 9, 2019ReportNominate
Tags:Character, cute

Top Quizzes Today


Score Distribution

Your Account Isn't Verified!

In order to create a playlist on Sporcle, you need to verify the email address you used during registration. Go to your Sporcle Settings to finish the process.

Report this User

Report this user for behavior that violates our Community Guidelines.

Details: